Online
Catalog

Retorno al origen sin origen / (Record no. 9683)

MARC details
000 -CABECERA
campo de control de longitud fija 00712nam a2200217 a 4500
001 - NÚMERO DE CONTROL
campo de control 000009924
005 - FECHA Y HORA DE LA ÚLTIMA TRANSACCIÓN
campo de control 20240412074213.0
008 - DATOS DE LONGITUD FIJA--INFORMACIÓN GENERAL
campo de control de longitud fija 091002s1998 dr a r 001 p spa d
040 ## - FUENTE DE LA CATALOGACIÓN
Centro catalogador/agencia de origen DO-SdBNP
Lengua de catalogación spa
Centro/agencia transcriptor BNPHU
082 ## - NÚMERO DE LA CLASIFICACIÓN DECIMAL DEWEY
Número de clasificación RD861.44
Número de documento/Ítem C679r, 1998
100 1# - ENTRADA PRINCIPAL--NOMBRE DE PERSONA
Nombre de persona Coiscou Weber, Rodolfo
9 (RLIN) 19739
245 10 - MENCIÓN DE TÍTULO
Título Retorno al origen sin origen /
Mención de responsabilidad, etc. Rodolfo Coiscou Weber.
250 ## - MENCIÓN DE EDICIÓN
Mención de edición 2ª ed.
260 ## - PUBLICACIÓN, DISTRIBUCIÓN, ETC.
Lugar de publicación, distribución, etc. Santo Domingo :
Nombre del editor, distribuidor, etc. Universidad Central del Este,
Fecha de publicación, distribución, etc. 1998.
490 1# - MENCIÓN DE SERIE
Mención de serie Antología de nuestra voz
Designación de volumen o secuencia 48
590 ## - NOTA LOCAL (RLIN)
Nota local Inventariado, 2018/BT
650 #0 - PUNTO DE ACCESO ADICIONAL DE MATERIA--TÉRMINO DE MATERIA
Término de materia o nombre geográfico como elemento de entrada Poesía dominicana
9 (RLIN) 66
650 #0 - PUNTO DE ACCESO ADICIONAL DE MATERIA--TÉRMINO DE MATERIA
Término de materia o nombre geográfico como elemento de entrada Literatura dominicana.
9 (RLIN) 67
830 #0 - PUNTO DE ACCESO ADICIONAL DE SERIE-TÍTULO UNIFORME
Título uniforme Antología de nuestra voz
Número de parte o sección de la obra 48
9 (RLIN) 24856
910 ## - DATOS DE OPCIÓN DEL USUARIO (OCLC)
Datos de opción del usuario Validado. Control de calidad. EMS
Holdings
Estado de retiro Estado de pérdida No para préstamo Código de colección Localización permanente Ubicación/localización actual Ubicación en estantería Fecha de adquisición Número de inventario Total de préstamos Signatura topográfica completa Código de barras Fecha visto por última vez Precio válido a partir de Tipo de ítem Koha
    Excluido de préstamo Patrimonio Dominicano Patrimonio Dominicano Patrimonio Dominicano Depósito 02.10.2009 LF1   RD861.44 C679r, 1998 9924-10 25.06.2020 25.06.2020 Libro y Folleto Colección Patrimonio Dominicano

Powered by Koha